Uplatňovanie nezdaniteľných častí základu dane v roku 2024

Sumarizácia kľúčových informácií týkajúcich sa možnosti odpočtu príspevkov na doplnkové dôchodkové sporenie a príspevkov na celoeurópsky osobný dôchodkový produkt od základu dane. Zásady uplatňovania týchto odpočtov, vrátane prednostného a sekundárneho odpočítavania nezdaniteľných častí. Podmienky,...

Full description

Saved in:
Bibliographic Details
Main Author: Rabatinová, Marcela, 1977-
Format: Book Chapter
Language:Slovak
Subjects:
Tags: Add Tag
No Tags, Be the first to tag this record!

MARC

LEADER 00000naa a2200000 4500
001 0303915
005 20240903083700.7
041 0 |a slo 
044 |a SK 
245 1 0 |a Uplatňovanie nezdaniteľných častí základu dane v roku 2024  |c Marcela Rabatinová 
520 |a Sumarizácia kľúčových informácií týkajúcich sa možnosti odpočtu príspevkov na doplnkové dôchodkové sporenie a príspevkov na celoeurópsky osobný dôchodkový produkt od základu dane. Zásady uplatňovania týchto odpočtov, vrátane prednostného a sekundárneho odpočítavania nezdaniteľných častí. Podmienky, za ktorých je možné tieto odpočty realizovať. 
610 2 0 |a dane 
610 2 0 |a základ dane 
610 2 0 |a odpočet dane 
610 2 0 |a sporenie dôchodkové doplnkové 
610 2 0 |a povinnosť daňová 
610 2 0 |a osoby fyzické 
610 2 0 |a priznania daňové 
610 2 0 |a zákony 
610 2 0 |a legislatíva 
100 1 |a Rabatinová, Marcela, 1977-